01384cam a2200265 a 450000100060000000300080000600500170001400800410003103500190007204000270009104100130011808200220013110000320015324500890018526000720027430000200034649000530036650000880041950004850050750400300099265000190102283000100104170000210105183000460107228558BD-RjUL20211209051310.0140331s1935 enk 000 0 eng d a(BD-RjUL)28639 aOKUcOKUbengdBD-RjUL1 aenghger00a150.195bFRA 19351 aFreud, Sigmund,d1856-1939.13aAn autobiographical study /cSigmund Freud; authorized translation by James Strachey aLondon :bHogarth press and the Institute of psycho-analysis,c1935 a137 p. ;c23 cm1 aInternational psycho-analytical library ;vno.26 aAmerican edition (New York, W. W. Norton & company, inc.) has title : Autobiography a"This work appeared originally in 1925 in volume IV. of Die medizin der gegenwart in selbstdarstellungen (Leipzig: Felix Meiner) ... The present translation was first published in the United States in 1927 (New York: Brentano) together with another of Professor Freud's writings, The problem of lay-analyses, translated by another hand. Both the outer cover and the title-page of that volume, which is now out of print, bore only the title of this latter work."--Translator's note aBibliographical footnotes 0aPsychoanalysis 0vno.261 aStrachey, James. 0aInternational psycho-analytical library ;